| 000 | 00420nam a2200169Ia 4500 | ||
|---|---|---|---|
| 008 | 180921t2014 xxu||||| |||| 00| 0 eng d | ||
| 041 | _aeng | ||
| 080 |
_a8-31 _bRAJ |
||
| 100 | _aBoyne, John | ||
| 245 | _aThe Master's Daughter | ||
| 260 |
_bSarasavi _aNugegoda _c2014 |
||
| 300 | _a181p, 21 Cm | ||
| 700 |
_aRajapaksa, Swarnakanthi _etr. |
||
| 942 | _cBK | ||
| 999 |
_c10407 _d10407 |
||
| 003 | LK-CoDNM | ||
| 040 |
_aLK-CoDNM _dLK-CoDNM _eLK-CoDNM |
||